[Event "Metz op"]
[Site "Metz FRA"]
[Date "2009.04.11"]
[Round "2"]
[White "Donchenko, Alexander"]
[Black "Piasetski, Leon"]
[Result "1/2-1/2"]
[WhiteElo "2092"]
[BlackElo "2280"]
[PlyCount "50"]
[GameId "2129405079481100"]
[EventDate "2010.04.10"]
[EventType "swiss"]
[EventRounds "9"]
[EventCountry "FRA"]
[SourceTitle "CBM 136 Extra"]
[Source "ChessBase"]
[SourceDate "2010.07.02"]
[SourceVersion "2"]
[SourceVersionDate "2010.07.15"]
[SourceQuality "1"]

1. Nf3 g6 {01h30} 2. d4 Bg7 3. g3 c5 4. Bg2 cxd4 5. Nxd4 Nc6 $11 6. e3 ({RR} 6. c3 Nf6 7. O-O O-O 8. Qa4 Qb6 9. Nb3 d6 10. Na3 Bd7 11. Be3 Qc7 12. h3 h6 13. Nd2 a6 14. Qd1 b5 15. Nc2 Rab8 16. Nf3 a5 17. Rc1 e5 18. Ra1 Kh7 19. Qc1 d5 20. Rd1 Be6 {Gutman,L (2471)-Yakovich,Y (2592)/Hamburg 1999/EXT 2001/0-1 (54)}) 6... Qb6 7. Nb3 d6 8. O-O {01h26} Be6 $1 $146 {01h06} ({RR} 8... Nf6 9. h3 O-O 10. Nc3 Bd7 11. a4 a5 12. e4 Ne5 13. Be3 Qd8 14. Nd4 Nc4 15. Bc1 Qb6 16. b3 Nxe4 17. Nxe4 Qxd4 18. Qxd4 Bxd4 19. c3 Bg7 20. bxc4 Rfc8 21. Rb1 Rab8 22. Re1 Kf8 23. Ba3 {Heck,N (2321)-Branding,V (2138)/Bad Zwesten 2001/EXT 2002/1-0}) 9. Na3 {Joué après une longue réflexion car les Blancs ont compris le danger de la position mais ils ont trouvé un beau sacrifice de  pour se libérer.} (9. c3) 9... Rc8 $36 {Non seulement, les Blancs n'ont rien obtenu dans l'ouverture mais ils vont devoir maintenant lutter pour l'égalité.} 10. Nd4 $1 Nxd4 11. exd4 Bxd4 12. c3 Bg7 13. Be3 {Les blancs ont trouvé des ressources tactiques en sacrifiant d4 et laisser le  noir au centre pour accélérer le développement de l'aile-dame,présente aussi des inconvénients} Qa6 (13... Qxb2 14. Qa4+ $1 Bd7 15. Qxa7) (13... Qxb2 14. Qa4+ b5 15. Nxb5 Bd7 16. Rab1 Bxb5 17. Qxb5+ Qxb5 18. Rxb5 e6 {[%cal Gg8e7]} (18... Bxc3 19. Rc1) 19. Bxa7 Ne7 20. Rc1 O-O $11) 14. Nc2 Rb8 15. Nb4 Qa5 16. Bc6+ $13 bxc6 17. Nxc6 Qc7 18. Nxb8 Qxb8 19. Qa4+ Bd7 20. Qxa7 Qc8 (20... Qxa7 21. Bxa7 Nh6 {[%csl Gg7][%cal Gh6f5]} 22. a4 {[%cal Ga4a8]} O-O 23. Rfe1 e6 24. a5 $44 {[%csl Ga5]}) 21. Rfe1 e5 22. Bf4 $5 {[%csl Re8]} Kf8 $6 $138 {Les Noirs paniquent un peu et il n'est pas certain que les compensations soient suffisantes après e7} (22... Ne7 $5 23. Rad1 {[%cal Gd1d7,Ge1e7,Gf4e5]} Qc6 (23... O-O 24. Rxd6) 24. Qb8+ Nc8 {[%cal Ge8g8]}) 23. Rad1 Bf6 {[%cal Gf8g7]} 24. h4 Bc6 25. Qb6 Kg7 {Suite illisible et nulle au 47ème coup} 1/2-1/2

[Event "Metz op"]
[Site "Metz FRA"]
[Date "2010.04.13"]
[Round "3"]
[White "Piasetski, Leon"]
[Black "Wonner, Frank"]
[Result "1-0"]
[WhiteElo "2320"]
[BlackElo "1964"]
[PlyCount "57"]
[GameId "2129405079481127"]
[EventDate "2010.04.10"]
[EventType "swiss"]
[EventRounds "9"]
[EventCountry "FRA"]
[SourceTitle "CBM 136 Extra"]
[Source "ChessBase"]
[SourceDate "2010.07.02"]
[SourceVersion "2"]
[SourceVersionDate "2010.07.15"]
[SourceQuality "1"]

1. Nf3 {01h30} c5 2. g3 g6 3. c3 Bg7 4. d4 cxd4 5. cxd4 d5 6. Bg2 Nf6 7. O-O O-O 8. Nc3 Nc6 (8... Ne4) 9. Ne5 e6 10. Nxc6 {01h10} bxc6 11. Na4 Nd7 12. e4 ({RR} 12. Be3 Re8 (12... Ba6) 13. Rc1 Bb7 14. Qd2 Rc8 15. b3 Bf8 16. Rc2 a5 17. Qc1 Ra8 18. Bh6 Bd6 19. e4 Qe7 20. Re1 Bb4 21. Bd2 Ba3 22. Qd1 Qf8 23. h4 Rec8 24. h5 c5 25. exd5 Bxd5 26. Bxd5 exd5 {Andersson,U (2623)-Roos,D (2425)/Germany 1999/GER-chT/1-0 (39)}) (12. Bf4) 12... Ba6 13. Re1 Rc8 $146 {01h07} ({RR} 13... Qf6 14. Be3 Rfc8 15. Rc1 Bf8 16. a3 Qd8 17. Qd2 Bb5 18. Nc3 Bc4 19. Bh6 Be7 20. Nd1 Rab8 21. Ne3 Bb3 22. Bf4 Ra8 23. Rc3 Qb6 24. exd5 exd5 25. Nxd5 Bxd5 26. Bxd5 Bf6 27. Bg2 Nf8 28. Be5 {Baumgartner,H (2323)-Hiermann,D (2190)/Taufkirchen 1998/EXT 1999/½-½ (75)}) 14. Be3 Qa5 15. a3 Bb5 16. Nc3 Bc4 17. Qd2 Qb6 18. b4 Rfe8 19. Na4 Qb7 20. Nb2 Ba6 21. exd5 cxd5 22. a4 Bc4 23. Rec1 Qc7 $6 24. Bf1 Qd6 25. Nxc4 dxc4 26. Bxc4 Nb6 27. Bf1 Rxc1 28. Rxc1 Nxa4 $4 29. Bb5 1-0

[Event "Metz op"]
[Site "Metz FRA"]
[Date "2010.04.15"]
[Round "4"]
[White "Leon Hoyos, Manuel"]
[Black "Piasetski, Leon"]
[Result "1-0"]
[WhiteElo "2521"]
[BlackElo "2280"]
[PlyCount "83"]
[GameId "2129405079481147"]
[EventDate "2010.04.10"]
[EventType "swiss"]
[EventRounds "9"]
[EventCountry "FRA"]
[SourceTitle "CBM 136 Extra"]
[Source "ChessBase"]
[SourceDate "2010.07.02"]
[SourceVersion "2"]
[SourceVersionDate "2010.07.15"]
[SourceQuality "1"]

1. e4 d5 {01h30} 2. exd5 Qxd5 3. Nc3 Qd8 {Cette ligne secondaire n'a pas très bonne réputation théorique} (3... Qa5) (3... Qd6) 4. d4 {88} Nf6 {89} 5. Bc4 e6 6. Nf3 Be7 7. O-O {71} c6 {79} 8. Qe2 Nbd7 9. Re1 (9. Rd1 $142 $146 {[%cal Gd1d8] Plus logique après avoir joué e2} O-O 10. a4 $14 (10. Bf4)) 9... Nb6 10. Bb3 O-O 11. Ne4 Nbd5 12. Ng3 (12. c4 $142 Nxe4 13. Qxe4 Nf6 14. Qh4) 12... Qc7 13. c4 Nf4 14. Qe3 Ng6 15. Bc2 {Les Blancs qui avaient été surpris par la variante d8 avaient déjà dépensé près d'une heure à ce moment de la partie} b6 16. b3 Re8 17. h4 $1 Bd6 18. Ne4 Nxe4 19. Bxe4 Bd7 $2 (19... Bf4) 20. h5 $40 Bf4 {Trop tard!} 21. Qc3 Nf8 22. Bb2 $16 {[%cal Gc3g7,Gd4d5]} f6 {[%csl Re6] Ferme la diagnoale face à la batterie c3b2 mais au détriment d'une nouvel affaiblissement.} 23. Re2 Rad8 24. Rae1 c5 25. d5 e5 26. g3 Bh6 27. Nh4 $36 {[%csl Gf5,Gg6]} Bg4 28. Bf3 Qc8 29. Qd3 Bg5 30. Bxg4 Qxg4 31. Qf3 Qd7 32. Ng2 Qh3 33. Re4 Nd7 34. Nh4 Rf8 35. Qf5 (35. Nf5 g6 36. hxg6 hxg6 37. Ne7+ Kf7 38. Nc6) 35... Qxf5 36. Nxf5 g6 37. hxg6 hxg6 38. Ne7+ Kf7 39. Nc6 $1 Rde8 40. f4 Bh6 41. fxe5 fxe5 42. Bxe5 1-0

[Event "Metz op"]
[Site "Metz FRA"]
[Date "2010.04.13"]
[Round "5"]
[White "Piasetski, Leon"]
[Black "Le Ruyet, Leopold"]
[Result "1/2-1/2"]
[WhiteElo "2320"]
[BlackElo "2144"]
[PlyCount "62"]
[GameId "2129405079481164"]
[EventDate "2010.04.10"]
[EventType "swiss"]
[EventRounds "9"]
[EventCountry "FRA"]
[SourceTitle "CBM 136 Extra"]
[Source "ChessBase"]
[SourceDate "2010.07.02"]
[SourceVersion "2"]
[SourceVersionDate "2010.07.15"]
[SourceQuality "1"]

1. Nf3 c5 2. b3 Nf6 3. Bb2 e6 4. e3 Be7 5. d4 O-O 6. Bd3 d5 7. O-O Nc6 8. c4 b6 9. Nbd2 Bb7 10. Rc1 {77} dxc4 {65} 11. bxc4 cxd4 12. exd4 Rc8 13. Qe2 Nb8 $6 $146 ({RR} 13... Qd6 14. Bb1 Rfd8 15. Rfd1 Qf4 16. Nf1 Qh6 17. Ne3 Nh5 18. g3 Nf6 19. d5 Na5 20. Rd4 Nxd5 21. cxd5 Rxc1+ 22. Bxc1 {1-0 Urday Caceres,H (2480)-Arroyo Salido,M (2230)/Candas 1992/TD}) 14. Rfd1 Nbd7 15. Ne5 h6 16. Bb1 Nxe5 17. dxe5 {[%csl Rc4]} Nd7 18. Ne4 Bxe4 19. Qxe4 g6 20. Rd3 $1 {[%csl Rg6][%cal Gc1d1,Gd3d7,Gd3g3]} Qe8 $1 21. Rh3 Kg7 22. Rf1 Nc5 23. Qe3 Rh8 24. Bc1 h5 25. Bc2 Nb7 26. Qe2 Na5 27. Bb3 Qc6 28. Bd2 Nxc4 29. Rc1 b5 30. Bxc4 bxc4 31. Rhc3 Qd5 1/2-1/2

[Event "Metz op"]
[Site "Metz FRA"]
[Date "2010.04.14"]
[Round "6"]
[White "Keller, Christophe"]
[Black "Piasetski, Leon"]
[Result "0-1"]
[WhiteElo "2200"]
[BlackElo "2280"]
[PlyCount "63"]
[GameId "2129405079481179"]
[EventDate "2010.04.10"]
[EventType "swiss"]
[EventRounds "9"]
[EventCountry "FRA"]
[SourceTitle "CBM 136 Extra"]
[Source "ChessBase"]
[SourceDate "2010.07.02"]
[SourceVersion "2"]
[SourceVersionDate "2010.07.15"]
[SourceQuality "1"]

1. e4 {01h30} d5 2. exd5 Qxd5 3. Nc3 Qd8 (3... Qa5) 4. d4 Nf6 5. Nf3 c6 (5... Bg4) 6. h3 ({RR} 6. Bg5 Bg4 7. Bxf6 exf6 8. Be2 Bb4 9. Qd3 O-O 10. O-O Nd7 11. a3 Ba5 12. Nd2 Be6 13. Nc4 Bc7 14. Rad1 Re8 15. Bf3 Nb6 16. Nxb6 Bxb6 17. d5 cxd5 18. Nxd5 Rc8 19. c4 Bc7 20. b4 b6 {Leko,P (2694)-Adams,M (2716)/Frankfurt 1999/CBM 072/½-½ (53)}) 6... Bf5 7. Bd3 {67} Bg6 {61} 8. Qe2 e6 9. Bd2 Nbd7 10. Ne4 Be7 11. c4 O-O 12. Nxf6+ Nxf6 13. Bxg6 hxg6 14. O-O $14 Qc7 15. b3 Rad8 16. Bc3 Ne8 $5 {[%csl Rd4][%cal Ge8d6,Gd6f5]} 17. Ne5 Nd6 18. Rad1 Nf5 19. Qb2 g5 20. Ng4 Rfe8 21. Ne3 Qf4 22. Rfe1 f6 23. Nxf5 Qxf5 24. Re3 Bd6 25. Rf3 Qg6 26. Re1 Re7 27. Rfe3 Rde8 28. Qb1 Qxb1 29. Rxb1 Kf7 $11 {Les Blancs ont un léger avantage d'espace mais la position noire est solide} 30. Rbe1 {[%csl Ge5]} Rh8 31. g4 $6 Bf4 $1 32. Rf3 {Suite illisible et gain Noir au 75ème coup} 0-1

[Event "Metz op"]
[Site "Metz FRA"]
[Date "2010.04.13"]
[Round "7"]
[White "Piasetski, Leon"]
[Black "Shirazi, Kamran"]
[Result "1/2-1/2"]
[WhiteElo "2320"]
[BlackElo "2477"]
[PlyCount "39"]
[GameId "2129405079481202"]
[EventDate "2010.04.10"]
[EventType "swiss"]
[EventRounds "9"]
[EventCountry "FRA"]
[SourceTitle "CBM 136 Extra"]
[Source "ChessBase"]
[SourceDate "2010.07.02"]
[SourceVersion "2"]
[SourceVersionDate "2010.07.15"]
[SourceQuality "1"]

1. Nf3 {01h30} Nf6 2. c4 d6 3. d4 {84} g6 {85} 4. Nc3 Bf5 {Sans surprise mais les Blancs vont pourtant passer près de 10 mns pour jouer le coup suivant} 5. e3 $6 {Trop timide pour poser des problèmes aux Noirs} (5. Nh4 $142) (5. Qb3 $142 {[%csl Rb7]}) 5... Ne4 $6 (5... Bg7 $142 6. Bd3 Bxd3 7. Qxd3 O-O 8. O-O c5 9. d5 $14 {½-½ Portisch,L (2555)-Tseshkovsky,V (2556) Petrosian Memorial Moscow 1999 (8)}) 6. Nxe4 Bxe4 7. Bd3 Bc6 {[%cal Gd4d5]} 8. e4 $14 Bg7 9. Be3 e5 10. d5 {60} Bd7 {80} 11. b4 $1 {[%cal Gc4c5]} O-O 12. c5 f5 13. Qc2 (13. O-O a5 14. b5 f4 15. Bd2 dxc5 16. Rc1 (16. Qb3 {[%cal Gd5d6,Gb3g8]}) 16... b6 17. Bc4 {[%cal Gd5d6]} Kh8 18. Bc3 $44) 13... a5 14. cxd6 cxd6 15. bxa5 Na6 16. Bb6 Nb4 $1 17. Qb1 Nxd3+ 18. Qxd3 Qc8 19. Ng5 fxe4 (19... Bf6 20. Ne6 Bxe6 21. dxe6 Qxe6 22. Rd1 Be7 23. O-O Qxa2 $13) 20. Nxe4 {[%csl Ge4]} 1/2-1/2

[Event "Metz op"]
[Site "Metz FRA"]
[Date "2010.04.15"]
[Round "8"]
[White "Michiels, Bart"]
[Black "Piasetski, Leon"]
[Result "1-0"]
[WhiteElo "2465"]
[BlackElo "2280"]
[PlyCount "61"]
[GameId "2129405079481221"]
[EventDate "2010.04.10"]
[EventType "swiss"]
[EventRounds "9"]
[EventCountry "FRA"]
[SourceTitle "CBM 136 Extra"]
[Source "ChessBase"]
[SourceDate "2010.07.02"]
[SourceVersion "2"]
[SourceVersionDate "2010.07.15"]
[SourceQuality "1"]

1. e4 g6 2. d4 Bg7 3. Nc3 d6 4. f4 a6 5. Nf3 Nd7 6. e5 (6. Be3) 6... Nh6 7. Bd3 c5 8. exd6 cxd4 9. Ne4 O-O 10. O-O Nf5 11. dxe7 Qxe7 12. Re1 Nc5 13. Nxc5 Qxc5 14. Bd2 Qb6 15. Ne5 Be6 16. Qf3 Rac8 17. b3 Rfe8 18. Kh1 Nd6 19. Re2 Qc5 20. Rae1 Bd5 $132 21. Qf2 f5 22. b4 Qa7 {[%csl Ra7]} (22... Qb6) 23. c4 Ne4 24. Qg1 Rxe5 $5 25. fxe5 Bc6 26. Bf4 Nc3 (26... b5 $142 27. c5 Qd7) 27. Rc2 Ne4 28. c5 Rd8 29. Bc4+ Kh8 30. Rd2 g5 $2 (30... Nxd2 31. Bxd2 $11) 31. Rxe4 1-0

[Event "Metz op"]
[Site "Metz FRA"]
[Date "2010.04.13"]
[Round "9"]
[White "Piasetski, Leon"]
[Black "Quenette, Remi"]
[Result "1-0"]
[WhiteElo "2320"]
[BlackElo "2197"]
[PlyCount "87"]
[GameId "2129405079481240"]
[EventDate "2010.04.10"]
[EventType "swiss"]
[EventRounds "9"]
[EventCountry "FRA"]
[SourceTitle "CBM 136 Extra"]
[Source "ChessBase"]
[SourceDate "2010.07.02"]
[SourceVersion "2"]
[SourceVersionDate "2010.07.15"]
[SourceQuality "1"]

1. Nf3 Nf6 2. c4 g6 3. Nc3 d5 4. cxd5 Nxd5 5. Qa4+ (5. e4 Nxc3 6. dxc3 Qxd1+ 7. Kxd1 $14) 5... c6 {Cette ligne est assez passive et les Noirs auront du mal à égaliser} (5... Bd7 $142 6. Qh4 (6. Qb3) 6... Nxc3 7. dxc3) 6. Nxd5 Qxd5 7. e4 Qd8 8. d4 Bg7 9. Be3 O-O 10. Rd1 h6 $146 ({RR} 10... Nd7 11. Be2 Nf6 12. Qc2 Ng4 13. Bf4 Qa5+ 14. Bd2 Qb6 15. h3 Nh6 16. O-O f5 17. Bc4+ Kh8 18. e5 Nf7 19. b4 e6 20. Qb3 Re8 21. a4 a6 22. g4 fxg4 23. hxg4 Nh6 24. a5 Qd8 25. Bg5 {Roeder,M (2393)-Kojovic,D (2324)/Obrenovac 2005/CBM 109 ext/0-1 (53)}) 11. Be2 Be6 12. O-O Nd7 13. Ne1 f5 14. f3 Nf6 15. Qc2 fxe4 16. fxe4 Ng4 17. Rxf8+ Kxf8 18. Bxg4 Bxg4 19. Nf3 Kg8 20. Qb3+ Kh7 21. Qxb7 Rb8 22. Qxa7 Rxb2 (22... Ra8) 23. Rd2 Rb1+ 24. Kf2 $1 Qd6 25. Qc5 Qe6 26. Qc2 Ra1 27. h3 Bxf3 28. Kxf3 Qf7+ 29. Kg3 $1 e5 $6 {[%csl Rg7]} 30. d5 cxd5 31. Rxd5 h5 32. Ra5 $16 Qf6 33. Qf2 h4+ 34. Kh2 Qxf2 35. Bxf2 g5 36. Ra6 {[%csl Rh7]} Bh6 37. g3 Rd1 38. Kg2 Rd2 39. gxh4 gxh4 40. Kf3 Bf4 41. Bxh4 Rd3+ 42. Kg4 Re3 43. Bf6 Rxe4 $4 44. Kf5 1-0

[Event "Jerusalem"]
[Site "Jerusalem ISR"]
[Date "2009.12.17"]
[Round "8"]
[White "Gukhvat, Peter"]
[Black "Piasetski, Leon"]
[Result "1/2-1/2"]
[WhiteElo "2208"]
[BlackElo "2288"]
[PlyCount "71"]
[GameId "2129405081547285"]
[EventDate "2009.12.09"]
[EventType "tourn"]
[EventRounds "9"]
[EventCountry "ISR"]
[EventCategory "3"]
[SourceTitle "CBM 134 Extra"]
[Source "ChessBase"]
[SourceDate "2010.03.03"]
[SourceVersion "1"]
[SourceVersionDate "2010.03.03"]
[SourceQuality "1"]

1. e4 c6 2. d4 d5 3. Nd2 g6 4. c3 Nf6 5. e5 Nh5 6. Ne2 f6 7. f4 Bg4 8. g3 fxe5 9. dxe5 Qb6 10. Bg2 Na6 11. Nf1 Ng7 12. Ne3 Bd7 13. Nd4 O-O-O 14. a4 e6 15. O-O c5 16. Nf3 Be7 17. Kh1 Bc6 18. b4 cxb4 19. cxb4 Bxb4 20. Nd4 Bc3 21. Nxc6 Bxa1 22. Nxd8 Rxd8 23. Ng4 Nf5 24. Ba3 Bd4 25. Qd3 Kb8 26. Rb1 Qa5 27. Bd6+ Nxd6 28. exd6 Bb6 29. Nf6 Rxd6 30. Nxh7 Rc6 31. Qxg6 Qd2 32. h4 Nc5 33. Nf6 Nd3 34. Qe8+ Kc7 35. Qe7+ Kc8 36. Qe8+ 1/2-1/2

[Event "Sants op"]
[Site "Sants ESP"]
[Date "2006.08.30"]
[Round "6"]
[White "Piasetski, Leon"]
[Black "Lacasta Palacios, Joaquim"]
[Result "1/2-1/2"]
[WhiteElo "2337"]
[BlackElo "2198"]
[PlyCount "49"]
[GameId "2129405110548634"]
[EventDate "2006.08.25"]
[EventType "swiss"]
[EventRounds "10"]
[EventCountry "ESP"]
[SourceTitle "The Week in Chess 617"]
[Source "Mark Crowther"]
[SourceDate "2006.09.04"]
[SourceVersion "1"]
[SourceVersionDate "2006.09.04"]
[SourceQuality "2"]

1. d4 g6 2. e4 Bg7 3. c4 d6 4. Nc3 Nd7 5. Be3 e5 6. Nf3 Ne7 7. dxe5 Nxe5 8. Nxe5 Bxe5 9. Qd2 O-O 10. O-O-O Be6 11. h4 f5 12. Bg5 f4 13. h5 Qd7 14. f3 Rf7 15. Bd3 a6 16. Nd5 Bxd5 17. cxd5 gxh5 18. Rxh5 Ng6 19. Rhh1 Qa4 20. Qc2 Qb4 21. Rhg1 a5 22. a3 Qb6 23. Rd2 a4 24. Bc4 Ra5 25. b4 1/2-1/2

[Event "New York Heraldica"]
[Site "New York USA"]
[Date "1980.05.??"]
[Round "8"]
[White "Fedorowicz, John"]
[Black "Piasetski, Leon"]
[Result "1-0"]
[WhiteElo "2420"]
[BlackElo "2420"]
[PlyCount "87"]
[GameId "2129405212930167"]
[EventDate "1980.05.11"]
[EventType "tourn"]
[EventRounds "11"]
[EventCountry "USA"]
[EventCategory "8"]
[SourceTitle "EXT 2004"]
[Source "ChessBase"]
[SourceDate "2003.11.25"]
[SourceVersion "1"]
[SourceVersionDate "2003.11.25"]
[SourceQuality "1"]

1. d4 Nf6 2. Nf3 e6 3. c4 b6 4. a3 Bb7 5. Nc3 d5 6. cxd5 exd5 7. g3 Be7 8. Bg2 Ne4 9. O-O O-O 10. Qc2 a5 11. Bf4 Na6 12. Ne5 f6 13. Nc6 Bxc6 14. Nxe4 Bb7 15. Nc3 Kh8 16. Qf5 c6 17. Rfe1 Bc8 18. Qc2 g5 19. Bd2 f5 20. g4 Ra7 21. gxf5 Bxf5 22. e4 Bg6 23. Qc1 Nc7 24. exd5 Nxd5 25. Nxd5 cxd5 26. Re5 Rf5 27. Rxf5 Bxf5 28. Qc6 Rd7 29. Re1 Rd6 30. Qb5 Bd7 31. Qd3 Rh6 32. Qg3 Bd6 33. f4 Rh4 34. Qxg5 Qxg5 35. fxg5 Bxh2+ 36. Kf2 Bf4 37. Bxf4 Rxf4+ 38. Ke3 Rg4 39. Bxd5 Rxg5 40. Be4 Kg7 41. Kf4 Rb5 42. Re2 h5 43. Rg2+ Kf7 44. Bd3 1-0

[Event "Stip"]
[Site "Stip YUG"]
[Date "1977.11.??"]
[Round "1"]
[White "Zahariev, Pance"]
[Black "Piasetski, Leon"]
[Result "0-1"]
[WhiteElo "2200"]
[BlackElo "2395"]
[PlyCount "126"]
[GameId "2129405214475810"]
[EventDate "1977.11.??"]
[EventType "tourn"]
[EventRounds "13"]
[EventCountry "YUG"]
[EventCategory "8"]
[SourceTitle "EXT 2001"]
[Source "ChessBase"]
[SourceDate "2000.11.22"]
[SourceVersion "1"]
[SourceVersionDate "2000.11.22"]
[SourceQuality "1"]

1. Nf3 g6 2. d4 Bg7 3. g3 d6 4. Bg2 Nc6 5. c4 Bd7 6. O-O Rb8 7. Nc3 a6 8. b3 b5 9. cxb5 axb5 10. Bb2 b4 11. Nd5 Nf6 12. Nxf6+ Bxf6 13. Qc2 Na7 14. e4 O-O 15. Rac1 Nb5 16. Qd2 Bg7 17. e5 Ra8 18. Ba1 c6 19. Rfe1 Qa5 20. Re2 Ra6 21. Qg5 f6 22. Qe3 Nc7 23. Ne1 Nd5 24. Bxd5+ Qxd5 25. e6 Bc8 26. Nd3 Rb6 27. Nf4 Qa5 28. d5 Bb7 29. Rd2 Ra8 30. h4 Rba6 31. Rcc2 cxd5 32. Bd4 Bh6 33. Qd3 Bxf4 34. gxf4 Kg7 35. f3 Rc6 36. Rxc6 Bxc6 37. Rg2 Qb5 38. Qc2 Be8 39. h5 Qb7 40. f5 Rc8 41. Qb1 Qc6 42. fxg6 Qc1+ 43. Qxc1 Rxc1+ 44. Kh2 hxg6 45. f4 Kh6 46. hxg6 Bxg6 47. Bb6 Be4 48. Rg8 Rc2+ 49. Kg1 Bg6 50. Rb8 Re2 51. Rb7 Rxe6 52. Bd8 Re2 53. Rxe7 Rxa2 54. Rd7 d4 55. Rxd6 d3 56. f5 Bxf5 57. Bb6 Kh5 58. Be3 Re2 59. Bf4 Be4 60. Rxf6 Kg4 61. Bc1 d2 62. Bxd2 Rxd2 63. Rb6 Kg3 0-1

[Event "Stip"]
[Site "Stip YUG"]
[Date "1977.11.??"]
[Round "7"]
[White "Raicevic, Vladimir"]
[Black "Piasetski, Leon"]
[Result "1-0"]
[WhiteElo "2470"]
[BlackElo "2395"]
[PlyCount "85"]
[GameId "2129405214475845"]
[EventDate "1977.11.??"]
[EventType "tourn"]
[EventRounds "13"]
[EventCountry "YUG"]
[EventCategory "8"]
[SourceTitle "EXT 2001"]
[Source "ChessBase"]
[SourceDate "2000.11.22"]
[SourceVersion "1"]
[SourceVersionDate "2000.11.22"]
[SourceQuality "1"]

1. c4 Nf6 2. Nc3 c5 3. g3 g6 4. Bg2 Bg7 5. a3 Nc6 6. Rb1 a5 7. e4 O-O 8. Nge2 Ne8 9. d3 Nc7 10. Be3 Ne6 11. Nd5 a4 12. Nec3 Qa5 13. Bd2 d6 14. O-O Ned4 15. f4 e6 16. Ne3 Nb3 17. Be1 Ncd4 18. g4 Qd8 19. Kh1 Kh8 20. Bg3 h6 21. f5 Nc6 22. Rf2 Bd4 23. Qe2 Be5 24. Bxe5+ Nxe5 25. f6 Nd4 26. Qd2 g5 27. h4 Rg8 28. Rbf1 Bd7 29. Bh3 Kh7 30. Ne2 Nxe2 31. Rxe2 Bc6 32. Rh2 gxh4 33. Bg2 Rg6 34. Qf2 Qb6 35. Qxh4 Qd8 36. g5 Qf8 37. Nf5 exf5 38. exf5 Bxg2+ 39. Kxg2 Kg8 40. fxg6 Nxg6 41. Qxh6 Qxh6 42. Rxh6 Re8 43. Rxg6+ 1-0

[Event "Stip"]
[Site "Stip YUG"]
[Date "1977.11.??"]
[Round "12"]
[White "Piasetski, Leon"]
[Black "Lengyel, Levente"]
[Result "1/2-1/2"]
[WhiteElo "2395"]
[BlackElo "2415"]
[PlyCount "52"]
[GameId "2129405214475873"]
[EventDate "1977.11.??"]
[EventType "tourn"]
[EventRounds "13"]
[EventCountry "YUG"]
[EventCategory "8"]
[SourceTitle "EXT 2001"]
[Source "ChessBase"]
[SourceDate "2000.11.22"]
[SourceVersion "1"]
[SourceVersionDate "2000.11.22"]
[SourceQuality "1"]

1. c4 c5 2. Nf3 Nf6 3. d4 cxd4 4. Nxd4 e6 5. Nc3 Bb4 6. Qb3 Bc5 7. Be3 b6 8. f3 O-O 9. Rd1 d5 10. cxd5 exd5 11. Bg5 Bb7 12. Na4 Bxd4 13. Rxd4 Nbd7 14. e3 Qc7 15. Bb5 Qe5 16. Bf4 Qe6 17. h3 Nh5 18. Bh2 Nc5 19. Nxc5 bxc5 20. Rd2 f5 21. Kf2 f4 22. Re1 Qb6 23. Bd7 fxe3+ 24. Rxe3 Nf6 25. Be6+ Kh8 26. Kg1 Rfe8 1/2-1/2

[Event "Stip"]
[Site "Stip YUG"]
[Date "1977.11.??"]
[Round "13"]
[White "Kovacs, Laszlo M"]
[Black "Piasetski, Leon"]
[Result "1-0"]
[WhiteElo "2395"]
[BlackElo "2395"]
[PlyCount "93"]
[GameId "2129405214475880"]
[EventDate "1977.11.??"]
[EventType "tourn"]
[EventRounds "13"]
[EventCountry "YUG"]
[EventCategory "8"]
[SourceTitle "EXT 2001"]
[Source "ChessBase"]
[SourceDate "2000.11.22"]
[SourceVersion "1"]
[SourceVersionDate "2000.11.22"]
[SourceQuality "1"]

1. e4 c5 2. Nc3 Nc6 3. Nf3 e6 4. d4 cxd4 5. Nxd4 Nf6 6. Be2 Bb4 7. O-O Qa5 8. Ndb5 a6 9. Nd6+ Ke7 10. Bf4 Ne5 11. Nd5+ Nxd5 12. Bxe5 Bxd6 13. Bxd6+ Kxd6 14. c4 Ke7 15. exd5 Re8 16. Qd3 Qb6 17. Rab1 exd5 18. Qxh7 Qh6 19. Qd3 dxc4 20. Qxc4 Kf8 21. Bf3 d6 22. Rbd1 Be6 23. Qb4 Kg8 24. Rxd6 a5 25. Qd4 Rac8 26. Bxb7 Rc4 27. Qd2 Qxd2 28. Rxd2 Rb4 29. Bc6 Reb8 30. b3 Rc8 31. Ba4 Kf8 32. Rfd1 Rc5 33. f3 g5 34. h3 Kg7 35. Kf2 Kf6 36. Kg3 Rc3 37. Rd3 Rc5 38. R1d2 Rb8 39. Rd6 Ke5 40. Ra6 Rbc8 41. Bd7 Bxd7 42. Rxd7 f6 43. Rda7 Rc2 44. Rxa5+ Kd4 45. R7a6 Rb2 46. Rxf6 Rcc2 47. Rd6+ 1-0

[Event "Virovitica"]
[Site "Virovitica YUG"]
[Date "1977.??.??"]
[Round "1"]
[White "Horvath, Tamas"]
[Black "Piasetski, Leon"]
[Result "1/2-1/2"]
[WhiteElo "2200"]
[BlackElo "2395"]
[PlyCount "34"]
[GameId "2129405214484224"]
[EventDate "1977.10.26"]
[EventType "tourn"]
[EventRounds "13"]
[EventCountry "YUG"]
[EventCategory "7"]
[SourceTitle "EXT 2004"]
[Source "ChessBase"]
[SourceDate "2003.11.25"]
[SourceVersion "1"]
[SourceVersionDate "2003.11.25"]
[SourceQuality "1"]

1. e4 d6 2. d4 g6 3. Nf3 Bg7 4. Nbd2 Nf6 5. c3 O-O 6. Be2 Nc6 7. O-O Re8 8. b4 e5 9. b5 exd4 10. cxd4 Nb8 11. Qc2 a6 12. Bb2 axb5 13. Bxb5 c6 14. Bd3 Na6 15. Bc3 d5 16. e5 Nh5 17. g3 Bf8 1/2-1/2

[Event "Virovitica"]
[Site "Virovitica YUG"]
[Date "1977.??.??"]
[Round "4"]
[White "Lengyel, Levente"]
[Black "Piasetski, Leon"]
[Result "1/2-1/2"]
[WhiteElo "2415"]
[BlackElo "2395"]
[PlyCount "27"]
[GameId "2129405214484244"]
[EventDate "1977.10.26"]
[EventType "tourn"]
[EventRounds "13"]
[EventCountry "YUG"]
[EventCategory "7"]
[SourceTitle "EXT 2004"]
[Source "ChessBase"]
[SourceDate "2003.11.25"]
[SourceVersion "1"]
[SourceVersionDate "2003.11.25"]
[SourceQuality "1"]

1. Nf3 b6 2. e4 Bb7 3. d3 g6 4. g3 Bg7 5. Bg2 e5 6. O-O Ne7 7. Re1 O-O 8. d4 exd4 9. Nxd4 Nbc6 10. Nxc6 Nxc6 11. Nd2 Re8 12. Nc4 Ne5 13. Ne3 d6 14. Nd5 1/2-1/2